- Muñoz Izquierdo, Carlos,
Entry Nombre Personal
001 - NUMERO DE CONTROL
- campo de control: 29402
003 - IDENTIFICADOR DE NUMERO DE CONTROL
- campo de control: DLC
005 - FECHA Y HORA DE LA ÜLTIMA TRANSACCIÓN
- campo de control: 20220328152844.0
008 - DATOS DE LONGITUD FIJA
- campo de control de longitud fija: 220328n| acannaabn |a aaa
010 ## - NÚMERO DE CONTROL DE LA BIBLIOTECA DEL CONGRESO
- Número de control LC: n 79060489
- Número de Control LC Cancelado/inválido: no2003053564
035 ## - NUMERO DE CONTROL
- Número de control: (OCoLC)oca00293519
040 ## - FUENTE DE CATALOGACIÓN
- Agencia original de catalogación: DLC
- Lenguaje de catalogación: spa
- Agencia de transcripción: DLC
- Agencia que lo modifica: DLC
- Agencia que lo modifica: OCoLC
- Agencia que lo modifica: DLC
- Agencia que lo modifica: MX-MxUPN
046 ## - FECHAS CON CODIFICACIÓN ESPECIAL
- Fecha de nacimiento: 1937
100 1# - ENCABEZAMIENTO - NOMBRE PERSONAL
- Nombre personal: Muñoz Izquierdo, Carlos,
- Fechas asociadas con el nombre: 1937-
370 ## - LUGAR ASOCIADO
- Place of birth: México, D.F.
375 ## - GÉNERO
- Gender: masculino
377 ## - LENGUA ASOCIADA
- Language code: spa
400 1# - VEÁSE - NOMBRE DE PERSONA
- Personal name: Izquierdo, Carlos Muñoz,
- Dates associated with a name: 1937-
400 1# - VEÁSE - NOMBRE DE PERSONA
- Personal name: Muñoz, Carlos
- Fuller form of name: (Muñoz Izquierdo),
- Dates associated with a name: 1937-
670 ## - FUENTE EN LA QUE SE LOCALIZARON DATOS
- Cita de la fuente: Latapí, P. Diagnóstico educativo nacional, 1964.
670 ## - FUENTE EN LA QUE SE LOCALIZARON DATOS
- Cita de la fuente: Análisis y propuestas para ... 1995:
- Información localizada: portada (Carlos Muñoz Izquierdo)
670 ## - FUENTE EN LA QUE SE LOCALIZARON DATOS
- Cita de la fuente: En su obra: ¿Cómo puede la educación contribuir a la movilidad social?, 2009:
- Información localizada: portada (Carlos Muñoz Izquierdo) solapa (b. 1937, México, D.F.)
